000 00926nam a2200265 i 4500
001 105935
003 ES-MaACL
005 20250912063047.0
007 t|
008 060913s1961 mx ||||1| spa d
080 _a338.1(510)
100 1 _aHughes, T. J.
_964618
245 1 3 _aLa China Popular y su economía /
_cT.J. Hughes y D.E.T. Luard ; [traducción de Rodolfo Villarreal].
250 _a1ª ed. en español (puesta al día).
260 _aMéxico :
_bFondo de Cultura Económica,
_c1961.
300 _a278 p. ;
_c17 cm.
490 1 _aColección popular (Fondo de Cultura Económica) ;
_v26
_9241328
651 _aChina-
_xSituación económica.
_98062
651 4 _aChina-
_xPolítica económica-
_y1949-
_98054
700 1 _aLuard, D. E. T.
_974487
700 1 _aVillarreal, Rodolfo.
_9115135
852 _aES-MaACL
_jAND-954
_zBiblioteca Juan Andrade
942 _2udc
999 _c105935
_d105935